[Event "Memorial Sergievskogo"]
[Site "Cheboksary"]
[Date "2016.04.12"]
[Round "6.8"]
[White "Safronov, Andrey G"]
[Black "Evdokimov, Alexander A."]
[Result "0-1"]
[LiveChessVersion "1.4.4"]
[BlackElo "2553"]
[WhiteElo "2307"]

1. d4 {[%clk 0:15:10]} Nf6 {[%clk 0:15:10]} 2. Nf3 {[%clk 0:15:15]} e6
{[%clk 0:14:49]} 3. c4 {[%clk 0:15:24]} c5 {[%clk 0:14:58]} 4. d5
{[%clk 0:15:32]} exd5 5. cxd5 {[%clk 0:15:38]} g6 {[%clk 0:15:15]} 6. Nc3
{[%clk 0:15:46]} d6 {[%clk 0:15:22]} 7. h3 {[%clk 0:15:55]} Bg7 {[%clk 0:15:30]}
8. e4 {[%clk 0:16:04]} O-O {[%clk 0:15:30]} 9. Bd3 {[%clk 0:16:14]} Re8
{[%clk 0:14:38]} 10. O-O {[%clk 0:16:18]} c4 {[%clk 0:14:46]} 11. Bc2
{[%clk 0:16:24]} b5 {[%clk 0:14:54]} 12. a3 {[%clk 0:16:15]} a6 {[%clk 0:14:32]}
13. Bf4 {[%clk 0:16:15]} Bb7 {[%clk 0:14:31]} 14. Re1 {[%clk 0:15:35]} Qb6
{[%clk 0:14:00]} 15. Qd2 {[%clk 0:09:36]} Nbd7 {[%clk 0:14:09]} 16. Rad1
{[%clk 0:09:44]} Rad8 {[%clk 0:12:58]} 17. Bh6 {[%clk 0:08:52]} Bh8
{[%clk 0:12:56]} 18. Be3 {[%clk 0:09:00]} Qc7 {[%clk 0:09:46]} 19. Nd4
{[%clk 0:09:08]} Nc5 {[%clk 0:09:08]} 20. Bg5 Rb8 {[%clk 0:03:34]} 21. Nc6
{[%clk 0:08:29]} Bxc6 {[%clk 0:01:56]} 22. dxc6 {[%clk 0:08:38]} Qxc6
{[%clk 0:02:04]} 23. Qxd6 {[%clk 0:08:22]} Rb6 {[%clk 0:01:43]} 24. Qf4
{[%clk 0:06:09]} Ne6 {[%clk 0:01:40]} 25. Qh4 {[%clk 0:05:50]} Nxg5
{[%clk 0:01:48]} 26. Qxg5 {[%clk 0:05:58]} Rbb8 {[%clk 0:01:41]} 27. e5
{[%clk 0:05:39]} Nd7 {[%clk 0:01:50]} 28. Nd5 {[%clk 0:05:39]} Qc5
{[%clk 0:01:30]} 29. e6 {[%clk 0:03:51]} fxe6 {[%clk 0:01:31]} 30. Bxg6
{[%clk 0:03:59]} hxg6 {[%clk 0:01:38]} 31. Qxg6+ {[%clk 0:01:43]} Bg7
{[%clk 0:01:47]} 32. Re3 {[%clk 0:01:22]} Qf8 {[%clk 0:00:42]} 33. Rf3
{[%clk 0:01:24]} exd5 {[%clk 0:00:40]} 34. Rxf8+ {[%clk 0:01:31]} Nxf8
{[%clk 0:00:49]} 35. Qxa6 {[%clk 0:01:28]} d4 {[%clk 0:00:56]} 36. a4
{[%clk 0:01:25]} Re6 {[%clk 0:00:29]} 37. Qa7 {[%clk 0:01:16]} Rbb6
{[%clk 0:00:36]} 38. axb5 {[%clk 0:01:18]} Rxb5 {[%clk 0:00:43]} 39. Qc7
{[%clk 0:01:18]} c3 {[%clk 0:00:37]} 40. bxc3 {[%clk 0:01:27]} dxc3
{[%clk 0:00:46]} 41. Qc4 {[%clk 0:01:35]} Rbb6 {[%clk 0:00:46]} 42. Rd8
{[%clk 0:01:29]} Rbc6 {[%clk 0:00:48]} 43. Qf4 {[%clk 0:00:25]} c2
{[%clk 0:00:49]} 44. Qc1 {[%clk 0:00:32]} Re1+ {[%clk 0:00:18]} 45. Qxe1
{[%clk 0:00:41]} c1=Q {[%clk 0:00:26]} 46. Qxc1 {[%clk 0:00:42]} Rxc1+
{[%clk 0:00:35]} 47. Kh2 {[%clk 0:00:51]} Rc2 {[%clk 0:00:42]} 48. Kg3
{[%clk 0:00:47]} Kf7 {[%clk 0:00:47]} 49. Rd3 {[%clk 0:00:53]} Ne6
{[%clk 0:00:42]} 50. f4 {[%clk 0:00:17]} Bh6 {[%clk 0:00:31]} 51. f5
{[%clk 0:00:19]} Nf4 {[%clk 0:00:29]} 52. Rd7+ {[%clk 0:00:21]} Kf6
{[%clk 0:00:38]} 53. Rd6+ {[%clk 0:00:29]} Kg5 {[%clk 0:00:38]} 54. Kf3
{[%clk 0:00:17]} Rc3+ {[%clk 0:00:41]} 55. Kf2 {[%clk 0:00:27]} Bf8
{[%clk 0:00:45]} 56. Ra6 {[%clk 0:00:12]} Bc5+ {[%clk 0:00:50]} 57. Ke1
{[%clk 0:00:15]} Be3 {[%clk 0:00:50]} 58. Ra1 {[%clk 0:00:18]} Rc2
{[%clk 0:00:55]} 59. h4+ {[%clk 0:00:00]} 0-1

[Event "Memorial Sergievskogo"]
[Site "Cheboksary"]
[Date "2016.04.12"]
[Round "6.9"]
[White "Nozdrachev, Vladislav"]
[Black "Ibraev, Vasilij"]
[Result "1-0"]
[LiveChessVersion "1.4.4"]
[BlackElo "2253"]
[WhiteElo "2542"]

1. e4 {[%clk 0:15:18]} c5 {[%clk 0:14:47]} 2. Nf3 {[%clk 0:15:26]} e6
{[%clk 0:14:52]} 3. d4 {[%clk 0:15:18]} cxd4 {[%clk 0:14:59]} 4. Nxd4
{[%clk 0:15:26]} a6 {[%clk 0:14:55]} 5. c4 {[%clk 0:15:35]} Qc7 {[%clk 0:15:00]}
6. Nc3 {[%clk 0:15:18]} Nf6 {[%clk 0:14:16]} 7. a3 {[%clk 0:14:35]} d6
{[%clk 0:13:58]} 8. Be2 {[%clk 0:14:41]} Nbd7 {[%clk 0:13:59]} 9. Be3
{[%clk 0:14:47]} b6 {[%clk 0:13:56]} 10. O-O {[%clk 0:14:47]} Bb7
{[%clk 0:14:04]} 11. f3 {[%clk 0:14:55]} Be7 {[%clk 0:13:34]} 12. Rc1
{[%clk 0:15:04]} Rc8 {[%clk 0:13:20]} 13. Qd2 {[%clk 0:13:19]} Qb8
{[%clk 0:13:05]} 14. b4 {[%clk 0:12:47]} O-O {[%clk 0:12:31]} 15. Nb3
{[%clk 0:12:53]} Rfe8 {[%clk 0:12:07]} 16. Bf2 {[%clk 0:12:50]} Bd8
{[%clk 0:09:46]} 17. Kh1 {[%clk 0:12:59]} Bc7 {[%clk 0:09:43]} 18. Bg1
{[%clk 0:13:07]} h5 {[%clk 0:08:41]} 19. Rcd1 {[%clk 0:10:30]} Ne5
{[%clk 0:07:54]} 20. f4 {[%clk 0:10:23]} Ng6 {[%clk 0:07:28]} 21. Bd3
{[%clk 0:10:25]} h4 {[%clk 0:07:09]} 22. f5 {[%clk 0:09:43]} Ne5 {[%clk 0:06:41]}
23. fxe6 {[%clk 0:09:46]} fxe6 {[%clk 0:06:36]} 24. Rxf6 {[%clk 0:07:59]} gxf6
{[%clk 0:06:45]} 25. Qh6 {[%clk 0:08:07]} Bd8 {[%clk 0:06:30]} 26. Be2
{[%clk 0:07:46]} b5 {[%clk 0:06:23]} 27. c5 {[%clk 0:07:52]} dxc5
{[%clk 0:05:43]} 28. Nxc5 {[%clk 0:08:00]} Nf7 {[%clk 0:01:40]} 29. Qg6+
{[%clk 0:08:06]} 1-0

[Event "Memorial Sergievskogo"]
[Site "Cheboksary"]
[Date "2016.04.12"]
[Round "6.10"]
[White "Pristalov, Evgeny"]
[Black "Timofeev, Artyom"]
[Result "0-1"]
[LiveChessVersion "1.4.4"]
[BlackElo "2535"]
[WhiteElo "2270"]

1. e4 {[%clk 0:15:17]} e6 {[%clk 0:15:18]} 2. d4 {[%clk 0:15:25]} d5
{[%clk 0:15:25]} 3. Nd2 {[%clk 0:15:32]} Nc6 {[%clk 0:15:33]} 4. Ngf3
{[%clk 0:15:05]} Nf6 {[%clk 0:15:40]} 5. e5 {[%clk 0:14:47]} Nd7 {[%clk 0:15:47]}
6. c3 {[%clk 0:14:15]} f6 {[%clk 0:15:30]} 7. exf6 {[%clk 0:14:09]} Qxf6
{[%clk 0:15:37]} 8. Bb5 {[%clk 0:13:28]} Bd6 {[%clk 0:15:35]} 9. O-O
{[%clk 0:13:09]} O-O {[%clk 0:15:35]} 10. Qa4 {[%clk 0:11:50]} a6
{[%clk 0:14:47]} 11. Bxc6 {[%clk 0:09:29]} bxc6 {[%clk 0:14:53]} 12. c4
{[%clk 0:09:16]} c5 {[%clk 0:14:33]} 13. dxc5 {[%clk 0:08:45]} Nxc5
{[%clk 0:14:01]} 14. Qc2 {[%clk 0:08:51]} a5 {[%clk 0:10:34]} 15. cxd5
{[%clk 0:05:55]} exd5 {[%clk 0:10:31]} 16. Qc3 {[%clk 0:04:51]} Qxc3
{[%clk 0:10:15]} 17. bxc3 {[%clk 0:05:00]} Ba6 {[%clk 0:10:22]} 18. Rd1
{[%clk 0:04:33]} Na4 {[%clk 0:10:16]} 19. c4 {[%clk 0:03:26]} Rae8
{[%clk 0:09:02]} 20. cxd5 {[%clk 0:02:44]} Nc3 {[%clk 0:08:50]} 21. Re1
{[%clk 0:02:52]} Rxe1+ {[%clk 0:06:03]} 22. Nxe1 {[%clk 0:03:01]} Ne2+
{[%clk 0:02:56]} 23. Kh1 {[%clk 0:03:10]} Rxf2 {[%clk 0:03:03]} 24. Nef3
{[%clk 0:03:15]} Bb7 {[%clk 0:02:34]} 25. Bb2 {[%clk 0:01:57]} Bxd5
{[%clk 0:02:41]} 26. a3 {[%clk 0:01:25]} Nf4 {[%clk 0:02:23]} 27. Bd4
{[%clk 0:01:00]} Rxg2 {[%clk 0:02:27]} 28. Be3 {[%clk 0:00:54]} Re2
{[%clk 0:02:19]} 29. Re1 {[%clk 0:00:29]} Rxe1+ {[%clk 0:02:35]} 0-1

[Event "Memorial Sergievskogo"]
[Site "Cheboksary"]
[Date "2016.04.12"]
[Round "7.1"]
[White "Morozevich, Alexander"]
[Black "Volkov, Sergey"]
[Result "1-0"]
[LiveChessVersion "1.4.4"]
[BlackElo "2597"]
[WhiteElo "2669"]

1. e4 {[%clk 0:15:01]} e6 {[%clk 0:15:17]} 2. d4 {[%clk 0:15:09]} d5
{[%clk 0:15:26]} 3. Nc3 {[%clk 0:15:15]} Nf6 {[%clk 0:15:32]} 4. e5
{[%clk 0:15:17]} Nfd7 {[%clk 0:15:39]} 5. Nce2 {[%clk 0:15:26]} c5
{[%clk 0:15:44]} 6. c3 {[%clk 0:15:34]} Nc6 {[%clk 0:15:11]} 7. f4
{[%clk 0:14:08]} a5 {[%clk 0:14:43]} 8. Nf3 {[%clk 0:13:32]} a4 {[%clk 0:14:43]}
9. a3 {[%clk 0:13:21]} Be7 {[%clk 0:14:07]} 10. h4 {[%clk 0:12:46]} O-O
{[%clk 0:12:00]} 11. Ng5 {[%clk 0:11:34]} cxd4 {[%clk 0:10:27]} 12. cxd4
{[%clk 0:09:57]} Re8 {[%clk 0:08:33]} 13. Nc3 {[%clk 0:08:42]} Nf8
{[%clk 0:08:15]} 14. Be3 {[%clk 0:08:00]} f6 {[%clk 0:06:58]} 15. Nf3
{[%clk 0:07:07]} Bd7 {[%clk 0:06:03]} 16. h5 {[%clk 0:06:48]} Qb6
{[%clk 0:04:40]} 17. Rb1 {[%clk 0:05:31]} Na5 {[%clk 0:03:30]} 18. h6
{[%clk 0:05:15]} g6 {[%clk 0:03:38]} 19. exf6 {[%clk 0:05:24]} Bxf6
{[%clk 0:03:45]} 20. Ne5 {[%clk 0:05:33]} Rec8 {[%clk 0:01:54]} 21. Bd3
{[%clk 0:04:55]} Nc4 {[%clk 0:01:42]} 22. Qe2 {[%clk 0:03:50]} Qa7
{[%clk 0:00:49]} 23. Bxc4 {[%clk 0:02:39]} dxc4 {[%clk 0:00:58]} 24. O-O
{[%clk 0:02:48]} b5 {[%clk 0:01:00]} 25. d5 {[%clk 0:02:52]} Qb7 {[%clk 0:01:05]}
26. Rbd1 {[%clk 0:02:47]} Bh8 {[%clk 0:00:58]} 27. Bd4 {[%clk 0:02:21]} exd5
{[%clk 0:00:55]} 28. Nxd7 {[%clk 0:02:23]} Bxd4+ {[%clk 0:00:54]} 29. Rxd4
{[%clk 0:02:32]} Qxd7 {[%clk 0:00:57]} 30. Rxd5 {[%clk 0:02:26]} Qa7+
{[%clk 0:01:03]} 31. Kh1 {[%clk 0:02:24]} Re8 {[%clk 0:01:12]} 32. Qg4
{[%clk 0:02:14]} b4 {[%clk 0:01:01]} 33. axb4 {[%clk 0:02:13]} a3
{[%clk 0:01:10]} 34. f5 {[%clk 0:01:43]} axb2 {[%clk 0:01:17]} 35. Qxc4
{[%clk 0:02:01]} Rec8 {[%clk 0:00:45]} 36. Rc5+ {[%clk 0:02:01]} Qf7
{[%clk 0:00:49]} 37. Rxc8 {[%clk 0:02:02]} Rxc8 {[%clk 0:00:40]} 38. Qxc8
{[%clk 0:02:11]} Qf6 {[%clk 0:00:45]} 39. Qc4+ {[%clk 0:02:18]} Kh8
{[%clk 0:00:54]} 40. fxg6 {[%clk 0:02:17]} 1-0

[Event "Memorial Sergievskogo"]
[Site "Cheboksary"]
[Date "2016.04.12"]
[Round "7.2"]
[White "Lysyj, Igor"]
[Black "Khismatullin, Denis"]
[Result "1-0"]
[LiveChessVersion "1.4.4"]
[BlackElo "2709"]
[WhiteElo "2670"]

1. Nf3 {[%clk 0:15:18]} Nf6 {[%clk 0:13:11]} 2. e3 {[%clk 0:15:26]} c5
{[%clk 0:13:01]} 3. b3 {[%clk 0:15:21]} g6 {[%clk 0:13:08]} 4. Bb2
{[%clk 0:15:28]} Bg7 {[%clk 0:13:17]} 5. c4 {[%clk 0:15:36]} O-O {[%clk 0:13:19]}
6. Be2 {[%clk 0:15:44]} b6 {[%clk 0:13:26]} 7. O-O {[%clk 0:15:51]} Bb7
{[%clk 0:13:31]} 8. d4 {[%clk 0:15:59]} cxd4 {[%clk 0:12:25]} 9. Nxd4
{[%clk 0:16:07]} Nc6 {[%clk 0:12:18]} 10. Nd2 {[%clk 0:16:12]} Rc8
{[%clk 0:12:08]} 11. Rc1 {[%clk 0:16:01]} d6 {[%clk 0:11:20]} 12. Qc2
{[%clk 0:13:55]} Nxd4 {[%clk 0:10:24]} 13. Bxd4 {[%clk 0:14:02]} b5
{[%clk 0:10:30]} 14. Bxa7 {[%clk 0:11:15]} e5 {[%clk 0:08:57]} 15. c5
{[%clk 0:10:59]} dxc5 {[%clk 0:07:25]} 16. Bxc5 {[%clk 0:08:45]} b4
{[%clk 0:03:32]} 17. Qb2 {[%clk 0:07:41]} Bxg2 {[%clk 0:03:34]} 18. Kxg2
{[%clk 0:07:14]} Qd5+ {[%clk 0:02:51]} 19. e4 {[%clk 0:07:01]} Nxe4
{[%clk 0:02:56]} 20. Nxe4 {[%clk 0:07:01]} Qxe4+ {[%clk 0:02:27]} 21. Bf3
{[%clk 0:07:02]} Qh4 {[%clk 0:01:20]} 22. Bxf8 {[%clk 0:05:45]} Rxf8
{[%clk 0:01:28]} 23. Qe2 {[%clk 0:05:15]} Qg5+ {[%clk 0:01:31]} 24. Kh1
{[%clk 0:05:16]} f5 {[%clk 0:01:36]} 25. Bd5+ {[%clk 0:04:31]} Kh8
{[%clk 0:01:44]} 26. Rc7 {[%clk 0:02:56]} e4 {[%clk 0:01:49]} 27. f4
{[%clk 0:02:21]} Qd8 {[%clk 0:01:21]} 28. Qc4 {[%clk 0:02:28]} Bc3
{[%clk 0:00:57]} 29. Rc1 {[%clk 0:02:07]} Bb2 {[%clk 0:00:18]} 30. Rc8
{[%clk 0:01:52]} Qf6 {[%clk 0:00:16]} 31. Rxf8+ {[%clk 0:01:57]} Qxf8
{[%clk 0:00:25]} 32. Qc8 {[%clk 0:01:59]} 1-0

[Event "Memorial Sergievskogo"]
[Site "Cheboksary"]
[Date "2016.04.12"]
[Round "7.3"]
[White "Motylev, Alexander"]
[Black "Papin, Vasily"]
[Result "1/2-1/2"]
[LiveChessVersion "1.4.4"]
[BlackElo "2513"]
[WhiteElo "2662"]

1. e4 {[%clk 0:15:18]} c5 {[%clk 0:15:18]} 2. Nf3 {[%clk 0:15:26]} e6
{[%clk 0:15:27]} 3. d4 {[%clk 0:15:35]} cxd4 {[%clk 0:15:36]} 4. Nxd4
{[%clk 0:15:44]} a6 {[%clk 0:15:45]} 5. c4 {[%clk 0:15:47]} b6 {[%clk 0:15:37]}
6. Nc3 {[%clk 0:15:28]} Bb7 {[%clk 0:15:44]} 7. Bd3 {[%clk 0:15:24]} d6
{[%clk 0:14:10]} 8. O-O {[%clk 0:15:27]} Nf6 {[%clk 0:14:16]} 9. b3
{[%clk 0:13:45]} Nc6 {[%clk 0:13:37]} 10. Bc2 {[%clk 0:13:38]} Be7
{[%clk 0:13:37]} 11. Bb2 {[%clk 0:13:46]} O-O {[%clk 0:13:34]} 12. Rc1
{[%clk 0:13:26]} Rc8 {[%clk 0:13:29]} 13. Bb1 {[%clk 0:13:14]} Re8
{[%clk 0:13:18]} 14. Nde2 {[%clk 0:12:19]} Ne5 {[%clk 0:11:05]} 15. Ng3
{[%clk 0:10:12]} Qc7 {[%clk 0:10:38]} 16. Kh1 {[%clk 0:09:30]} Qb8
{[%clk 0:10:25]} 17. Qd4 {[%clk 0:09:03]} Ned7 {[%clk 0:09:40]} 18. f4
{[%clk 0:08:37]} b5 {[%clk 0:07:55]} 19. cxb5 {[%clk 0:08:20]} axb5
{[%clk 0:08:04]} 20. Nxb5 {[%clk 0:08:18]} Ba6 {[%clk 0:07:57]} 21. a4
{[%clk 0:08:22]} Bxb5 {[%clk 0:08:06]} 22. axb5 {[%clk 0:08:31]} Qxb5
{[%clk 0:08:15]} 23. e5 {[%clk 0:06:11]} Rxc1 {[%clk 0:06:58]} 24. Rxc1
{[%clk 0:06:19]} dxe5 {[%clk 0:07:06]} 25. fxe5 {[%clk 0:06:26]} Nd5
{[%clk 0:07:16]} 26. Qa4 {[%clk 0:02:55]} 1/2-1/2

[Event "Memorial Sergievskogo"]
[Site "Cheboksary"]
[Date "2016.04.12"]
[Round "7.4"]
[White "Evdokimov, Alexander A."]
[Black "Sharafiev, Azat"]
[Result "0-1"]
[LiveChessVersion "1.4.4"]
[BlackElo "2460"]
[WhiteElo "2553"]

1. d4 {[%clk 0:14:42]} Nf6 {[%clk 0:15:18]} 2. Nf3 {[%clk 0:14:50]} e6
{[%clk 0:15:20]} 3. c4 {[%clk 0:14:47]} d5 {[%clk 0:15:28]} 4. g3
{[%clk 0:14:55]} dxc4 {[%clk 0:15:35]} 5. Bg2 {[%clk 0:15:04]} Bd7
{[%clk 0:15:44]} 6. Ne5 {[%clk 0:14:23]} Nc6 {[%clk 0:15:52]} 7. Nxc4
{[%clk 0:13:56]} Bb4+ {[%clk 0:15:30]} 8. Bd2 {[%clk 0:13:38]} Bxd2+
{[%clk 0:13:56]} 9. Qxd2 {[%clk 0:13:28]} Nd5 {[%clk 0:12:19]} 10. O-O
{[%clk 0:13:10]} Qf6 {[%clk 0:12:22]} 11. e3 {[%clk 0:11:29]} Rd8
{[%clk 0:11:16]} 12. Nc3 {[%clk 0:11:10]} Nxc3 {[%clk 0:10:52]} 13. Qxc3
{[%clk 0:11:01]} O-O {[%clk 0:08:16]} 14. Na5 {[%clk 0:08:07]} Rb8
{[%clk 0:05:49]} 15. b3 {[%clk 0:06:36]} Nxa5 {[%clk 0:05:01]} 16. Qxa5
{[%clk 0:06:45]} c6 {[%clk 0:05:03]} 17. Qxa7 {[%clk 0:06:50]} e5
{[%clk 0:05:12]} 18. Rfd1 {[%clk 0:06:28]} Bg4 {[%clk 0:05:04]} 19. Rd2
{[%clk 0:05:54]} Rfd8 {[%clk 0:04:31]} 20. h3 {[%clk 0:04:49]} Bf3
{[%clk 0:01:12]} 21. Bxf3 {[%clk 0:03:28]} Qxf3 {[%clk 0:01:20]} 22. dxe5
{[%clk 0:03:31]} h5 {[%clk 0:01:29]} 23. Rd4 {[%clk 0:03:26]} h4 {[%clk 0:00:53]}
24. Rxh4 {[%clk 0:03:18]} Ra8 {[%clk 0:01:01]} 25. Qxb7 {[%clk 0:03:05]} Rxa2
{[%clk 0:01:06]} 26. Rf1 {[%clk 0:01:01]} Rxf2 {[%clk 0:01:09]} 0-1

[Event "Memorial Sergievskogo"]
[Site "Cheboksary"]
[Date "2016.04.12"]
[Round "7.5"]
[White "Timofeev, Artyom"]
[Black "Nozdrachev, Vladislav"]
[Result "1/2-1/2"]
[LiveChessVersion "1.4.4"]
[BlackElo "2542"]
[WhiteElo "2535"]

1. e4 {[%clk 0:15:17]} e5 {[%clk 0:15:19]} 2. Nf3 {[%clk 0:15:26]} Nc6
{[%clk 0:15:28]} 3. Bb5 {[%clk 0:15:34]} a6 {[%clk 0:15:23]} 4. Ba4
{[%clk 0:15:42]} Nf6 {[%clk 0:15:31]} 5. O-O {[%clk 0:15:48]} b5 {[%clk 0:15:30]}
6. Bb3 {[%clk 0:15:56]} Bc5 {[%clk 0:15:38]} 7. Nxe5 {[%clk 0:15:08]} Nxe5
{[%clk 0:15:44]} 8. d4 {[%clk 0:15:17]} Bxd4 {[%clk 0:15:52]} 9. Qxd4
{[%clk 0:15:26]} d6 {[%clk 0:16:01]} 10. a4 {[%clk 0:15:33]} c5 {[%clk 0:15:38]}
11. Qe3 {[%clk 0:15:30]} c4 {[%clk 0:15:42]} 12. Ba2 {[%clk 0:15:38]} O-O
{[%clk 0:15:48]} 13. Bd2 {[%clk 0:14:11]} Bb7 {[%clk 0:15:28]} 14. f3
{[%clk 0:13:37]} d5 {[%clk 0:14:48]} 15. exd5 {[%clk 0:13:19]} Re8
{[%clk 0:14:56]} 16. axb5 {[%clk 0:13:24]} axb5 {[%clk 0:13:27]} 17. Nc3
{[%clk 0:13:22]} Nxd5 {[%clk 0:12:31]} 18. Nxd5 {[%clk 0:08:00]} Bxd5
{[%clk 0:12:33]} 19. Qf2 {[%clk 0:05:23]} Re6 {[%clk 0:08:03]} 20. Bc3
{[%clk 0:05:23]} Ng6 {[%clk 0:08:08]} 21. Qd4 {[%clk 0:05:03]} Qb6
{[%clk 0:08:13]} 22. Rfd1 {[%clk 0:03:32]} b4 {[%clk 0:07:18]} 23. Bxb4
{[%clk 0:02:16]} Qxb4 {[%clk 0:07:25]} 24. Qxd5 {[%clk 0:02:25]} Rea6
{[%clk 0:07:34]} 25. h4 {[%clk 0:01:18]} h5 {[%clk 0:06:44]} 26. Qxh5
{[%clk 0:01:09]} Rxa2 {[%clk 0:06:29]} 27. Rxa2 {[%clk 0:00:50]} Rxa2
{[%clk 0:06:37]} 28. Qg5 {[%clk 0:00:59]} Nf8 {[%clk 0:06:14]} 29. Rd8
{[%clk 0:01:05]} Rxb2 {[%clk 0:05:54]} 30. c3 {[%clk 0:00:55]} Qb6+
{[%clk 0:06:03]} 31. Kh2 {[%clk 0:01:03]} Qc7+ {[%clk 0:06:08]} 32. f4
{[%clk 0:00:57]} Rb8 {[%clk 0:05:59]} 33. Rxb8 {[%clk 0:00:58]} Qxb8
{[%clk 0:06:08]} 34. Kg3 {[%clk 0:01:07]} Ne6 {[%clk 0:06:14]} 35. Qf5
{[%clk 0:01:12]} Qd6 {[%clk 0:06:14]} 36. Qe4 {[%clk 0:00:42]} Qd3+
{[%clk 0:06:05]} 37. Qf3 {[%clk 0:00:42]} Qxf3+ {[%clk 0:06:11]} 38. Kxf3
{[%clk 0:00:51]} f5 {[%clk 0:06:18]} 39. g4 {[%clk 0:00:56]} g6 {[%clk 0:06:23]}
40. h5 {[%clk 0:01:03]} Kg7 {[%clk 0:06:28]} 41. hxg6 {[%clk 0:01:10]} Kxg6
{[%clk 0:06:36]} 42. gxf5+ {[%clk 0:01:18]} Kxf5 {[%clk 0:06:43]} 1/2-1/2

[Event "Memorial Sergievskogo"]
[Site "Cheboksary"]
[Date "2016.04.12"]
[Round "7.6"]
[White "Rublevsky, Sergei"]
[Black "Bezgodov, Alexei"]
[Result "1-0"]
[LiveChessVersion "1.4.4"]
[BlackElo "2488"]
[WhiteElo "2727"]

1. e4 {[%clk 0:15:19]} e5 {[%clk 0:15:19]} 2. Bc4 {[%clk 0:15:27]} Nf6
{[%clk 0:15:28]} 3. d3 {[%clk 0:15:35]} Nc6 {[%clk 0:15:29]} 4. Nc3
{[%clk 0:15:39]} Bb4 {[%clk 0:15:38]} 5. Nge2 {[%clk 0:15:27]} d5
{[%clk 0:15:36]} 6. exd5 {[%clk 0:15:34]} Nxd5 {[%clk 0:15:44]} 7. O-O
{[%clk 0:15:41]} Bxc3 {[%clk 0:15:42]} 8. Nxc3 {[%clk 0:15:05]} Nxc3
{[%clk 0:13:42]} 9. bxc3 {[%clk 0:15:13]} O-O {[%clk 0:13:50]} 10. Qh5
{[%clk 0:14:55]} Qf6 {[%clk 0:10:43]} 11. f4 {[%clk 0:12:26]} Be6
{[%clk 0:08:45]} 12. fxe5 {[%clk 0:09:19]} Qxe5 {[%clk 0:08:48]} 13. Qxe5
{[%clk 0:09:27]} Nxe5 {[%clk 0:08:57]} 14. Bxe6 {[%clk 0:09:35]} fxe6
{[%clk 0:09:06]} 15. Re1 {[%clk 0:08:38]} Rf5 {[%clk 0:09:06]} 16. Re4
{[%clk 0:07:51]} Raf8 {[%clk 0:08:07]} 17. Be3 {[%clk 0:05:49]} Kf7
{[%clk 0:05:12]} 18. Re1 {[%clk 0:02:34]} Nc6 {[%clk 0:04:42]} 19. Bf4
{[%clk 0:01:30]} Rc8 {[%clk 0:04:29]} 20. Bg3 {[%clk 0:01:05]} Rf6
{[%clk 0:04:12]} 21. Rc4 {[%clk 0:00:58]} Ke8 {[%clk 0:03:41]} 22. Rb1
{[%clk 0:00:51]} Na5 {[%clk 0:02:08]} 23. Rxc7 {[%clk 0:00:56]} Rxc7
{[%clk 0:02:18]} 24. Bxc7 {[%clk 0:01:05]} b6 {[%clk 0:02:27]} 25. Be5
{[%clk 0:01:03]} Rf7 {[%clk 0:02:36]} 26. c4 {[%clk 0:01:06]} Nc6
{[%clk 0:02:40]} 27. Bc3 {[%clk 0:01:14]} e5 {[%clk 0:02:03]} 28. Re1
{[%clk 0:00:50]} Re7 {[%clk 0:02:09]} 29. Re4 {[%clk 0:00:29]} Kd7
{[%clk 0:02:15]} 30. Kf2 {[%clk 0:00:38]} Kd6 {[%clk 0:02:16]} 31. Ke2
{[%clk 0:00:33]} Rf7 {[%clk 0:01:25]} 32. Bb2 {[%clk 0:00:27]} a6
{[%clk 0:01:05]} 33. a4 {[%clk 0:00:32]} Rb7 {[%clk 0:01:08]} 34. Rh4
{[%clk 0:00:20]} g6 {[%clk 0:01:00]} 35. Bc3 {[%clk 0:00:17]} Ke6
{[%clk 0:00:59]} 36. g4 {[%clk 0:00:21]} Nd4+ {[%clk 0:01:00]} 37. Bxd4
{[%clk 0:00:28]} exd4 {[%clk 0:01:09]} 38. g5 {[%clk 0:00:35]} Kf5
{[%clk 0:00:58]} 39. Rxd4 {[%clk 0:00:44]} Kxg5 {[%clk 0:01:08]} 40. Rd6
{[%clk 0:00:52]} h5 {[%clk 0:01:04]} 41. a5 {[%clk 0:01:01]} bxa5
{[%clk 0:00:53]} 42. Rxa6 {[%clk 0:01:10]} Rb1 {[%clk 0:00:54]} 43. c5
{[%clk 0:01:04]} Rh1 {[%clk 0:00:38]} 44. c6 {[%clk 0:01:01]} Rxh2+
{[%clk 0:00:47]} 45. Kd1 {[%clk 0:01:10]} Rf2 {[%clk 0:00:54]} 46. c7
{[%clk 0:01:04]} Rf8 {[%clk 0:01:03]} 47. Rxa5+ {[%clk 0:01:09]} Kg4
{[%clk 0:00:55]} 48. Rc5 {[%clk 0:01:12]} Rc8 {[%clk 0:01:04]} 49. Ke2
{[%clk 0:01:07]} Kg3 {[%clk 0:00:30]} 50. d4 {[%clk 0:00:28]} h4 {[%clk 0:00:27]}
51. Kf1 {[%clk 0:00:36]} Rf8+ {[%clk 0:00:11]} 52. Kg1 {[%clk 0:00:43]} Rc8
{[%clk 0:00:18]} 53. d5 {[%clk 0:00:51]} h3 {[%clk 0:00:20]} 54. Rc3+
{[%clk 0:00:58]} 1-0